Lekcje w 5 klasie - Statystyki

Ogólne statystyki
  • Ten quiz został rozwiązany 5 razy
  • Średni wynik to 7 z 14
Statystyki odpowiedzi
Hint Odpowiedź % Poprawnych
Dodawanie Matematyka
100%
Karta rowerowa Technika
80%
Rysunek Plastyka
80%
Śpiew Muzyka
80%
I am Język angielski
60%
Modlitwa Religia
60%
Sport Wychowanie fizyczne
60%
Coś co było kiedyś Historia
40%
Komputer Informatyka
40%
Najwięcej w tygodniu Język polski
40%
Połowa nie chodzi Edukacja zdrowotna
20%
Nic nie robi się tylko Wychowca wyzywa Zajęcia z wychowawcą
0%
Roślinki Biologia
0%
Ziemia Geografia
0%
Nie znaleziono quizów pasujących do podanych kryteriów
Rozkład punktacji
Procent ludzi z każdym wynikiem
Percentyl według liczby udzielonych odpowiedzi
Twoja historia wyników
Nie rozwiązałeś tego quizu